Špecifiká zdaňovania výhier v SR diplomová práca

Saved in:
Bibliographic Details
Main Author: Kovár, Roman
Corporate Author: Národohospodárska fakulta EU. Katedra financií
Other Authors: Rabatinová, Marcela, 1977-
Format: Book
Language:Slovak
Published: Bratislava 2016
Tags: Add Tag
No Tags, Be the first to tag this record!

MARC

LEADER 00000nbm a2200000 4500
001 0223451
005 20170815100510.9
041 0 |a slo 
044 |a SK 
245 1 0 |a Špecifiká zdaňovania výhier v SR  |b diplomová práca  |c Roman Kovár ; školiteľ: Marcela Rabatinová 
264 1 |a Bratislava  |c 2016 
300 |a 50 s. 
100 1 |a Kovár, Roman 
700 1 |a Rabatinová, Marcela, 1977- 
710 2 |a Národohospodárska fakulta EU. Katedra financií